Zhodnotenie dopadov technológií pri využívaní udržateľných energetických zdrojov na globálny energetický trh bakalárska práca

Gespeichert in:
Bibliographische Detailangaben
1. Verfasser: Tarbaj, Filip
Körperschaft: Podnikovohospodárska fakulta EU so sídlom v Košiciach. Katedra obchodného podnikania
Weitere Verfasser: Andrejovský, Pavol, 1975-
Format: Buch
Sprache:Slowakisch
Veröffentlicht: Košice 2025
Tags: Tag hinzufügen
Keine Tags, Fügen Sie das erste Tag hinzu!

MARC

LEADER 00000nbm a2200000 4500
001 0310941
005 20260327134105.1
041 0 |a slo 
044 |a SK 
245 1 0 |a Zhodnotenie dopadov technológií pri využívaní udržateľných energetických zdrojov na globálny energetický trh  |b bakalárska práca  |c Filip Tarbaj ; školiteľ: Pavol Andrejovský 
264 1 |a Košice  |c 2025 
300 |a 40 s. 
100 1 |a Tarbaj, Filip 
700 1 |a Andrejovský, Pavol, 1975- 
710 2 |a Podnikovohospodárska fakulta EU so sídlom v Košiciach. Katedra obchodného podnikania